[Event "Schoeningen rapid op"]
[Site "Schoeningen"]
[Date "2024.06.16"]
[Round "9"]
[White "Wolter, Kerstin"]
[Black "Krisman, Ondrej"]
[Result "0-1"]
[WhiteElo "1727"]
[BlackElo "1729"]
[PlyCount "22"]
[EventDate "2024.06.16"]
[EventType "swiss (rapid)"]
[EventRounds "9"]
[EventCountry "GER"]
[SourceTitle "CBM 221 Extra"]
[Source "ChessBase"]
[SourceDate "2024.09.30"]
[SourceVersion "1"]
[SourceVersionDate "2024.09.30"]
[SourceQuality "1"]

1. e4 e5 2. Nf3 Nf6 3. Nc3 Bb4 4. d3 0-0 5. Nxe5 Re8 6. Nf3 d5 7. Bg5 dxe4 8. dxe4 Bxc3+ 9. bxc3 Qxd1+ 10. Rxd1 Nxe4 11. Bd2 Nxc3+ 0-1